书目信息 |
| 题名: |
深度心理学与新道德
|
|
| 作者: | 诺伊曼 著 | |
| 分册: | ||
| 出版信息: | 北京 东方出版社 1998.09 |
|
| 页数: | 126页 | |
| 开本: | 32开 | |
| 丛书名: | ||
| 单 册: | ||
| 中图分类: | B82-054 | |
| 科图分类: | ||
| 主题词: | 伦理学 | |
| 电子资源: | ||
| ISBN: | 7-5060-1061-5 | |
| 000 | 00554nam0 2200193 45 | |
| 001 | 0008141176 | |
| 005 | 20000814111707.7 | |
| 010 | @a7-5060-1061-5@d10.00元 | |
| 100 | @a20000814d1998 km y0chiy0120 ea | |
| 101 | 0 | @achi |
| 105 | @a z 000yy | |
| 200 | 1 | @a深度心理学与新道德@AShen Du Xin Li Xue Yu Xin Dao De@f(德)诺伊曼 著@F(De)Nuo Yi Man Zhu |
| 210 | @a北京@c东方出版社@d1998.09 | |
| 215 | @a126页@d32开 | |
| 606 | 0 | @a伦理学 |
| 690 | @aB82-054@v3 | |
| 701 | 0 | @a诺伊曼@4著 |
| 801 | @aCN@bPftUser@c20000814 | |
| 905 | @b105896-900@dB82-054@eN517@f5 | |
| 深度心理学与新道德/(德)诺伊曼 著.-北京:东方出版社,1998.09 |
| 126页;32开 |
| ISBN 7-5060-1061-5:10.00元 |
| ● |
| 相关链接 |
|
|
|
正题名:深度心理学与新道德
索取号:B82-054/N517
 
预约/预借
| 序号 | 登录号 | 条形码 | 馆藏地/架位号 | 状态 | 备注 |
| 1 | 105896 | 201058960 | 社科库509/509社科库 21排1列5层/ [索取号:B82-054/N517] | 在馆 | |
| 2 | 105897 | 201058979 | 社科库509/422社科库 29排4列4层/ [索取号:B82-054/N517] | 在馆 | |
| 3 | 105898 | 201058988 | 社科库509/509社科库 21排1列5层/ [索取号:B82-054/N517] | 在馆 | |
| 4 | 105899 | 201058997 | 社科库509/422社科库 29排4列4层/ [索取号:B82-054/N517] | 在馆 | |
| 5 | 105900 | 201059004 | 社科库509/509社科库 21排1列5层/ [索取号:B82-054/N517] | 在馆 |